| 000 | 00428nam a2200097Ia 4500 | ||
|---|---|---|---|
| 008 | 180130s9999 xx 000 0 und d | ||
| 245 |
_cGentner, Philipp K.; Langwieser, Robert; Scholtz, Arpad L.; Hofer, Gunter; Mecklenbrauker, Christoph F. _aA UHF/UWB hybrid silicon RFID tag with on-chip antennas |
||
| 260 | _c2016 | ||
| 300 | _aBook title: Embedded system design--Acession number C20733; pages 230-241 | ||
| 650 | _aSYSTEM DESIGN | ||
| 999 |
_c354366 _d354366 |
||